Online
Catalog

Churchill / (Record no. 41514)

MARC details
000 -CABECERA
campo de control de longitud fija 01165nam a2200301 a 4500
001 - NÚMERO DE CONTROL
campo de control 000042025
005 - FECHA Y HORA DE LA ÚLTIMA TRANSACCIÓN
campo de control 20201002035907.0
008 - DATOS DE LONGITUD FIJA--INFORMACIÓN GENERAL
campo de control de longitud fija 131107s1984 sp ac 000 0bspa d
020 ## - NÚMERO INTERNACIONAL ESTÁNDAR DEL LIBRO
Número Internacional Estándar del Libro 8434581531
040 ## - FUENTE DE LA CATALOGACIÓN
Centro catalogador/agencia de origen DO-SdBNP
Lengua de catalogación spa
Centro/agencia transcriptor BNPHU
082 ## - NÚMERO DE LA CLASIFICACIÓN DECIMAL DEWEY
Número de clasificación 923.242
Número de documento/Ítem C563M
100 1# - ENTRADA PRINCIPAL--NOMBRE DE PERSONA
Nombre de persona Moorehead, Allan,
Fechas asociadas al nombre 1910-1983.
9 (RLIN) 68979
240 10 - TÍTULO UNIFORME
Título uniforme Churchill, and his word
Lenguaje de la obra spa
245 10 - MENCIÓN DE TÍTULO
Título Churchill /
Mención de responsabilidad, etc. Alan Moorehead, H. B. D. Kettlewell; traducción de Pilar Bosque Sendra; prólogo José Mª. de Areilza.
260 ## - PUBLICACIÓN, DISTRIBUCIÓN, ETC.
Lugar de publicación, distribución, etc. Barcelona :
Nombre del editor, distribuidor, etc. Salvat,
Fecha de publicación, distribución, etc. 1984.
300 ## - DESCRIPCIÓN FÍSICA
Extensión 190 p. :
Otras características físicas il., retrs. ;
Dimensiones 20 cm.
490 1# - MENCIÓN DE SERIE
Mención de serie Biblioteca Salvat de grandes biografía;
Designación de volumen o secuencia 8
500 ## - NOTA GENERAL
Nota general Traducido del inglés
504 ## - NOTA DE BIBLIOGRAFÍA, ETC.
Nota de bibliografía, etc. Bibliografía : p. 190
600 14 - PUNTO DE ACCESO ADICIONAL DE MATERIA--NOMBRE DE PERSONA
Nombre de persona CHURCHILL, WINSTON,
Fechas asociadas al nombre 1874-1965
9 (RLIN) 6780
650 #4 - PUNTO DE ACCESO ADICIONAL DE MATERIA--TÉRMINO DE MATERIA
Término de materia o nombre geográfico como elemento de entrada Primer ministro
Subdivisión geográfica Gran Bretaña
Subdivisión de forma BIOGRAFÍAS
9 (RLIN) 68980
651 #4 - PUNTO DE ACCESO ADICIONAL DE MATERIA--NOMBRE GEOGRÁFICO
Nombre geográfico Gran Bretaña
Subdivisión general Política Y Gobierno
Subdivisión cronológica SIGLO XX
9 (RLIN) 68981
700 12 - PUNTO DE ACCESO ADICIONAL--NOMBRE DE PERSONA
Nombre de persona Kettlewell, H. B. D.
9 (RLIN) 68982
700 12 - PUNTO DE ACCESO ADICIONAL--NOMBRE DE PERSONA
Nombre de persona Bosque Sendra, Pilar
Término indicativo de función/relación tr.
9 (RLIN) 68983
700 12 - PUNTO DE ACCESO ADICIONAL--NOMBRE DE PERSONA
Nombre de persona Areilza, José Mª. de
Término indicativo de función/relación pról.
9 (RLIN) 68984
830 #0 - PUNTO DE ACCESO ADICIONAL DE SERIE-TÍTULO UNIFORME
Título uniforme Biblioteca Salvat de grandes biografia
Número de parte o sección de la obra 8
9 (RLIN) 68985
910 ## - DATOS DE OPCIÓN DEL USUARIO (OCLC)
Datos de opción del usuario Validado. Control de calidad MFF
Holdings
Estado de retiro Estado de pérdida Restricciones de uso No para préstamo Código de colección Localización permanente Ubicación/localización actual Ubicación en estantería Fecha de adquisición Número de inventario Total de préstamos Signatura topográfica completa Código de barras Fecha visto por última vez Precio válido a partir de Tipo de ítem Koha
      Excluido de préstamo Monografías: Libros y Folletos General General Depósito 07.11.2013 LF1   923.242 C563M 42025-10 25.06.2020 25.06.2020 No se presta

Powered by Koha